| 000 | 01714nam0a22003251 4500 | ||
|---|---|---|---|
| 001 | rc\2674287 | ||
| 005 | 20250623152622.0 | ||
| 035 | _a(NLR Aleph) 006802804 | ||
| 090 |
_a6261487 _c6261487 |
||
| 100 | _a20110915d1932 |||y0rusy50 ca | ||
| 101 | 0 | _arus | |
| 102 | _aRU | ||
| 105 | _aa j ||||| | ||
| 200 | 1 |
_aВетеринарная азбука для рабочих совхозов и колхозников _fБригада ветврачей: А. К. Казанский, В. В. Конге (проф.), В. В. Красюков, П. М. Макаров (ассист.), Ф. П. Марадудин, П. В. Мараев, В. И. Пахомов _gПод общ. ред. П. М. Макарова |
|
| 210 |
_aЛенинград _aМосква _cОгиз - Гос. изд-во с.-х. и колхоз.-кооп. лит-ры _d1932 _e[Ленинград] _g1-я тип. изд-ва Леноблисполкома и Ленсовета |
||
| 215 |
_a142, [2] с. _cил. _d19х13 см. |
||
| 300 | _aПеред загл.: "Бригада ветврачей: Казанский, А. К., Конге, В. В. (проф.), Красюков, В. В., Макаров, П. М. (ассист.), Марадудин, Ф. П., Мараев, П. В. и Пахомов, В. И." | ||
| 700 | 1 |
_aКазанский _bА.К. |
|
| 702 | 1 |
_aМарадудин _bФ.П. _4570 |
|
| 702 | 1 |
_aМараев _bП.В. _4570 |
|
| 702 | 1 |
_aПахомов _bВ.И. _4570 |
|
| 702 | 1 |
_aМакаров _bП.М. _4340 _4570 |
|
| 702 | 1 |
_aКрасюков _bВ.В. _4570 |
|
| 702 | 1 |
_aКонге _bВ.В. _4570 |
|
| 801 | 0 |
_aRU _bNLR _gpsbo |
|
| 801 | 1 |
_aRU _bELAR _2rusmarc |
|
| 852 |
_aNLR _j32-1/595 |
||
| 942 | _cBOOK | ||
| 980 | _aNB | ||